Films principaux de Bruce Lee - Statistiques

Statistiques générales
  • Ce quiz a été pris 58 fois
  • Le résultat moyen est 4 sur 5
Statistiques - réponses
Hint Réponse % Correct
3 La fureur du dragon
85%
1 Big Boss
80%
5 Le jeu de la mort
80%
2 La fureur de vaincre
68%
4 Operation Dragon
68%
Aucun quiz correspondant
Distribution des résultats
% des personnes avec chaque résultat
Percentile par nombre de réponses
Votre historique - résultats
Vous n’avez pas pris ce quiz